[Event "Tournoi Skype 011A"]
[Site "Skype"]
[Date "????.??.??"]
[Round "4.19"]
[White "Soppelsa, Maurizio"]
[Black "Dubois, Real"]
[Result "1-0"]
[WhiteElo "1617"]
[BlackElo "1519"]
[PlyCount "83"]

1. d4 Nf6 2. c4 e6 3. Nf3 c5 4. e3 Nc6 5. Nc3 d5 6. Be2 cxd4 7. exd4 Be7 8. O-O
O-O 9. b3 dxc4 10. bxc4 a6 11. Be3 Bb4 12. Qc2 Bxc3 13. Qxc3 b6 14. Rfd1 Qe7
15. Rab1 Qb7 16. Ne5 Qc7 17. Nxc6 Bb7 18. Ne5 Nd5 19. Qd3 Nxe3 20. Qxe3 Rab8
21. d5 exd5 22. cxd5 b5 23. d6 Qc2 24. Qd2 Qc8 25. d7 Qc7 26. Qd6 Qd8 27. Rbc1
Qg5 28. Nc6 Ra8 29. Bf3 Bxc6 30. Rxc6 Rad8 31. Rxa6 Qh4 32. Rb6 Qa4 33. Ra6 Qc2
34. Re1 Qc3 35. Kf1 g6 36. Ra8 Qc4+ 37. Be2 Qh4 38. Rxd8 Rxd8 39. h3 Qh6 40.
Bxb5 Qf8 41. Re8 Rxe8 42. dxe8=Q 1-0

[Event "Tournoi Skype 011A"]
[Site "Skype"]
[Date "????.??.??"]
[Round "4.21"]
[White "Trivedi, Viral"]
[Black "Holtz, Steve"]
[Result "1-0"]
[WhiteElo "1606"]
[BlackElo "1499"]
[PlyCount "45"]

1. e4 e5 2. Bc4 Nf6 3. Nc3 Bb4 4. a3 Ba5 5. Nf3 d6 6. h3 h6 7. O-O a6 8. d3 Nc6
9. Be3 Be6 10. Nd5 Ne7 11. Nxf6+ gxf6 12. c3 c6 13. Bxe6 fxe6 14. Nh4 h5 15.
Qf3 f5 16. Bg5 Qc8 17. Bxe7 Kxe7 18. Ng6+ Kd7 19. Nxh8 Qxh8 20. exf5 exf5 21.
Qxf5+ Kc7 22. Qf7+ Kb6 23. b4 1-0

[Event "Tournoi Skype 011A"]
[Site "Skype"]
[Date "????.??.??"]
[Round "4.22"]
[White "Yeter, Orhan"]
[Black "Fouquereau, Andre"]
[Result "0-1"]
[WhiteElo "1400"]
[BlackElo "1589"]
[PlyCount "46"]

1. b4 d5 2. Bb2 Nc6 3. Nf3 Bf5 4. a3 e6 5. d4 Nf6 6. e3 Bd6 7. Nbd2 Bg4 8. c4
Ne4 9. Be2 Ne7 10. c5 Bxc5 11. dxc5 Nxc5 12. bxc5 c6 13. Bxg7 Rg8 14. Bf6 Qc7
15. h3 Bf5 16. e4 dxe4 17. Ne5 Rxg2 18. Bh5 Ng6 19. Kf1 Nf4 20. Bxf7+ Kf8 21.
f3 e3 22. Qa4 Rf2+ 23. Kg1 Ne2# 0-1

[Event "Tournoi Skype 011A"]
[Site "Skype"]
[Date "????.??.??"]
[Round "4.23"]
[White "Meaney, Mike"]
[Black "Delemarre, Georges"]
[Result "0-1"]
[WhiteElo "1537"]
[BlackElo "1590"]
[PlyCount "87"]

1. e4 c6 2. Nf3 d5 3. e5 Bg4 4. d4 e6 5. Nbd2 Bb4 6. c3 Ba5 7. Qb3 Qc7 8. Bd3
Ne7 9. Qc2 Bf5 10. Bxf5 Nxf5 11. Nf1 Nd7 12. Ne3 Nxe3 13. Bxe3 b5 14. b4 Bb6
15. Qe2 a5 16. a3 a4 17. Ng5 h6 18. Nh3 O-O-O 19. Qf3 Rdf8 20. g4 g5 21. O-O-O
Ba7 22. Qg2 f5 23. gxf5 Rxf5 24. Rdg1 Rg8 25. f4 g4 26. Nf2 h5 27. h3 g3 28. h4
Nb6 29. Nd1 Nc4 30. Rh3 Nxe3 31. Nxe3 Rxf4 32. Rxg3 Rgf8 33. Rg8 Qe7 34. Qg5
Kd7 35. Qxf4 Rxf4 36. R1g7 Rf7 37. Rg5 Rh7 38. Ng2 Qf7 39. Ne3 Bb6 40. Rg1 Bd8
41. R8g2 Bxh4 42. Rf1 Qe7 43. Rh2 Bg5 44. Rg2 0-1

[Event "Tournoi Skype 011A"]
[Site "Skype"]
[Date "????.??.??"]
[Round "4.24"]
[White "De Coninck, Philippe"]
[Black "Khatanhar, Mohit"]
[Result "1-0"]
[WhiteElo "1525"]
[BlackElo "1421"]
[PlyCount "49"]

1. e4 e5 2. f4 exf4 3. Nf3 d6 4. Bc4 Bg4 5. d3 Be7 6. Bxf4 h6 7. O-O Nf6 8. c3
Nbd7 9. h3 Be6 10. Bxe6 fxe6 11. d4 Nxe4 12. Qe2 d5 13. Nbd2 O-O 14. Be5 Bf6
15. Nxe4 dxe4 16. Qxe4 c6 17. Rae1 Qe7 18. Qg6 Rf7 19. Re4 Raf8 20. Bf4 Kh8 21.
Rfe1 Bh4 22. Rxe6 Qd8 23. R1e4 Rxf4 24. Rxf4 Rxf4 25. Re8+ 1-0

[Event "Tournoi Skype 011A"]
[Site "Skype"]
[Date "????.??.??"]
[Round "4.25"]
[White "Grib, Johannes"]
[Black "Malbec, Robert"]
[Result "0-1"]
[WhiteElo "1499"]
[BlackElo "1547"]
[PlyCount "40"]

1. e4 c6 2. Nf3 d5 3. exd5 cxd5 4. d4 Bg4 5. Bb5+ Nc6 6. O-O a6 7. Ba4 b5 8.
Bb3 Qb6 9. c3 Nf6 10. Qd3 e6 11. Ne5 Qc7 12. Be3 Bd6 13. Re1 Bxe5 14. dxe5 Nxe5
15. Qc2 Nfd7 16. h3 Bxh3 17. Bd4 Ng4 18. Qd1 O-O 19. g3 h6 20. f3 Qxg3+ 0-1

[Event "Tournoi Skype 011A"]
[Site "Skype"]
[Date "????.??.??"]
[Round "5.1"]
[White "Mahapatra, Durgaprasad"]
[Black "Rico Hernandez, Edgar"]
[Result "1-0"]
[WhiteElo "1799"]
[BlackElo "1887"]
[PlyCount "51"]

1. e4 c6 2. d4 d5 3. e5 Bf5 4. h4 Bd7 5. c4 e6 6. a3 Ne7 7. Bf4 Ng6 8. Bg5 Be7
9. c5 Nxh4 10. Bxh4 Bxh4 11. Qg4 Bg5 12. Nf3 Bh6 13. Rxh6 gxh6 14. Qg7 Rf8 15.
b4 Qe7 16. Qxh7 f5 17. Qxh6 Kd8 18. Nc3 Qe8 19. Rb1 b5 20. a4 a6 21. Ra1 Rh8
22. Qf6+ Kc7 23. axb5 Rh1 24. b6+ Kb7 25. Ng5 Qh5 26. Qd8 1-0

[Event "Tournoi Skype 011A"]
[Site "Skype"]
[Date "????.??.??"]
[Round "5.2"]
[White "Hervais, Adrien"]
[Black "Auger, Bertrand"]
[Result "0-1"]
[WhiteElo "2097"]
[BlackElo "2043"]
[PlyCount "52"]

1. d4 Nf6 2. Nc3 d5 3. Bg5 Ne4 4. Nxe4 dxe4 5. c3 Qd5 6. Bf4 c5 7. Bxb8 Rxb8 8.
Qa4+ Bd7 9. Qxa7 Rc8 10. dxc5 e6 11. Rd1 Bxc5 12. Rxd5 Bxa7 13. Rd1 e3 14. f3
Ke7 15. Nh3 Ba4 16. b3 Bd7 17. Rd3 Bb5 18. c4 Rhd8 19. g3 Bc5 20. Kd1 Bc6 21.
Bg2 b5 22. Kc2 bxc4 23. bxc4 Bd4 24. Ra3 Bb5 25. Rb1 Rxc4+ 26. Kb3 Rb8 0-1

[Event "Tournoi Skype 011A"]
[Site "Skype"]
[Date "????.??.??"]
[Round "5.3"]
[White "Deville, Olivier"]
[Black "Plourde, Alain"]
[Result "1-0"]
[WhiteElo "1919"]
[BlackElo "1868"]
[PlyCount "59"]

1. Nf3 d5 2. c4 d4 3. b4 Nf6 4. Bb2 e6 5. c5 a5 6. a3 axb4 7. axb4 Rxa1 8. Bxa1
b6 9. cxb6 cxb6 10. Nxd4 Be7 11. Qa4+ Bd7 12. b5 O-O 13. g3 Qc7 14. Bb2 Qb7 15.
Nf3 Rc8 16. Bg2 Qc7 17. Nc3 Be8 18. O-O Nbd7 19. Ra1 Nc5 20. Qa7 Nb7 21. Ra6
Nd6 22. Qxc7 Rxc7 23. Rxb6 Nc4 24. Rb8 Nxb2 25. b6 Bd6 26. bxc7 Bxc7 27. Rxb2
g6 28. Rb7 Bd6 29. Nd4 Be5 30. Nc6 1-0

[Event "Tournoi Skype 011A"]
[Site "Skype"]
[Date "????.??.??"]
[Round "5.4"]
[White "Hilton, Stephen"]
[Black "Murgia, Stefano"]
[Result "1-0"]
[WhiteElo "1897"]
[BlackElo "1718"]
[PlyCount "49"]

1. d4 f5 2. Bg5 g6 3. Nd2 Bg7 4. e4 d6 5. c3 Nh6 6. Bd3 Nf7 7. Be3 fxe4 8. Nxe4
d5 9. Nc5 e5 10. Qa4+ c6 11. dxe5 Nxe5 12. Be2 Qe7 13. Nf3 Nxf3+ 14. Bxf3 Nd7
15. Nxd7 Bxd7 16. Qb3 Bf5 17. O-O O-O 18. Rfe1 Qf7 19. Rad1 Rae8 20. Bxa7 Be6
21. Bc5 d4 22. Qb4 Bd5 23. Bxd5 Rxe1+ 24. Rxe1 Qxd5 25. Bxf8 1-0

[Event "Tournoi Skype 011A"]
[Site "Skype"]
[Date "????.??.??"]
[Round "5.5"]
[White "Loyarte, Frederic"]
[Black "Lambert, Pierre"]
[Result "0-1"]
[WhiteElo "1509"]
[BlackElo "1891"]
[PlyCount "64"]

1. d4 Nf6 2. c4 g6 3. Nc3 Bg7 4. Nf3 d6 5. Qc2 O-O 6. e4 c5 7. d5 Bg4 8. Be2
Nbd7 9. h3 Bxf3 10. Bxf3 Ne5 11. Qe2 Nfd7 12. Bg4 Nb6 13. b3 Nxg4 14. Bb2 Nf6
15. f4 Nh5 16. Qg4 Nd7 17. O-O Qc8 18. Qg5 Qd8 19. g4 Ng3 20. Rfe1 e6 21. Qxd8
Raxd8 22. Kg2 Nxe4 23. Rxe4 exd5 24. cxd5 Rfe8 25. Rae1 Kf8 26. R1e2 Rxe4 27.
Nxe4 Nb6 28. Nf6 Bxf6 29. Bxf6 Re8 30. Kf3 Rxe2 31. Kxe2 Nxd5 32. Bg5 Nc3+ 0-1

[Event "Tournoi Skype 011A"]
[Site "Skype"]
[Date "????.??.??"]
[Round "5.6"]
[White "Salazar Ticeran, Antonio"]
[Black "Brun, Jacques"]
[Result "1/2-1/2"]
[WhiteElo "1846"]
[BlackElo "1699"]
[PlyCount "78"]

1. e4 c5 2. Nf3 Nc6 3. Bb5 g6 4. h4 Bg7 5. h5 Nf6 6. hxg6 hxg6 7. Rxh8+ Bxh8 8.
d3 Qc7 9. Nc3 a6 10. Bxc6 dxc6 11. g3 Bg4 12. Bf4 Qd8 13. Qe2 Nd7 14. Qe3 Bxc3+
15. bxc3 Qa5 16. Kd2 f6 17. Nh2 Be6 18. e5 Kf7 19. exf6 exf6 20. Bd6 Rd8 21.
Qh6 Rg8 22. f4 c4 23. d4 Qh5 24. Qxh5 gxh5 25. Rg1 b5 26. Nf3 Nb6 27. Nh4 Bg4
28. Re1 Nd5 29. f5 Re8 30. Bf4 Rxe1 31. Kxe1 Ne7 32. a3 Bxf5 33. Nxf5 Nxf5 34.
Kf2 Kg6 35. Kf3 Ne7 36. Ke4 Nd5 37. Bd2 a5 38. Kf3 Kf5 39. Be1 Ne7 1/2-1/2

[Event "Tournoi Skype 011A"]
[Site "Skype"]
[Date "????.??.??"]
[Round "5.7"]
[White "Jacquelin, Norbert"]
[Black "L'Herbon De Lussats, Jean"]
[Result "1-0"]
[WhiteElo "1807"]
[BlackElo "1486"]
[PlyCount "61"]

1. e4 c5 2. Nc3 Nc6 3. g3 e5 4. Bg2 Nf6 5. d3 h6 6. Nge2 d6 7. h3 Be6 8. Be3 d5
9. exd5 Bxd5 10. Nxd5 Nxd5 11. Qd2 c4 12. dxc4 Ndb4 13. Qc3 Qc7 14. O-O Na5 15.
a3 Nbc6 16. b4 Nxc4 17. Qxc4 a6 18. a4 Bxb4 19. Bxc6+ Qxc6 20. Qxb4 O-O-O 21.
Ra3 Kb8 22. Rc3 Qg6 23. Qc5 Qc6 24. Qa7+ Kc7 25. Bb6+ Kd6 26. Rxc6+ Kxc6 27.
Bxd8 Rxd8 28. Rb1 Rd7 29. Qb6+ Kd5 30. Nc3+ Kc4 31. Qb4# 1-0

[Event "Tournoi Skype 011A"]
[Site "Skype"]
[Date "????.??.??"]
[Round "5.8"]
[White "Chaignet, Lucas"]
[Black "Catherine, Bertrand"]
[Result "1/2-1/2"]
[WhiteElo "1642"]
[BlackElo "1910"]
[PlyCount "42"]

1. e4 e5 2. Nf3 Nc6 3. Bc4 Nf6 4. d4 exd4 5. e5 d5 6. Bb5 Ne4 7. Nxd4 Bd7 8.
Nxc6 bxc6 9. Bd3 Nc5 10. Nc3 Nxd3+ 11. Qxd3 Qe7 12. Bf4 Qb4 13. Bc1 Be7 14. a3
Qg4 15. O-O O-O 16. Be3 a5 17. a4 Bf5 18. Qd2 Bb4 19. f4 Rad8 20. Qf2 Qg6 21.
Kh1 Rfe8 1/2-1/2

[Event "Tournoi Skype 011A"]
[Site "Skype"]
[Date "????.??.??"]
[Round "5.9"]
[White "Legueltel, Daniel"]
[Black "Meyer, Eric"]
[Result "0-1"]
[WhiteElo "1680"]
[BlackElo "1628"]
[PlyCount "62"]

1. d4 Nf6 2. c4 g6 3. Nc3 Bg7 4. e4 d6 5. Bd3 c5 6. d5 Nbd7 7. Nf3 O-O 8. O-O
Ng4 9. h3 Nge5 10. Nxe5 Bxe5 11. Be3 Bg7 12. Qd2 Ne5 13. f4 Nxd3 14. Qxd3 a6
15. a3 Bd7 16. b4 cxb4 17. axb4 Rc8 18. Rac1 Qc7 19. c5 Rfd8 20. f5 Be8 21. Rf3
Be5 22. fxg6 hxg6 23. Ne2 Bb5 24. Qd2 Bxe2 25. Qxe2 Qd7 26. Qf2 e6 27. Bg5 Rf8
28. Bh6 Rfe8 29. Rf1 Rc7 30. Rf6 exd5 31. Rxg6+ fxg6 0-1

[Event "Tournoi Skype 011A"]
[Site "Skype"]
[Date "????.??.??"]
[Round "5.10"]
[White "Casey, Eamonn"]
[Black "Sharma, Mayank"]
[Result "0-1"]
[WhiteElo "1656"]
[BlackElo "1669"]
[PlyCount "43"]

1. d4 Nf6 2. c4 e6 3. Nc3 d5 4. Nf3 Nbd7 5. Bg5 Be7 6. e3 O-O 7. cxd5 exd5 8.
Bd3 b6 9. O-O Bb7 10. Rc1 Ne4 11. Bxe7 Qxe7 12. Qb3 Ndf6 13. Ne5 Nd2 14. Qc2
Nxf1 15. Kxf1 c5 16. b3 Rac8 17. Bf5 Rcd8 18. g4 g6 19. Bd3 cxd4 20. exd4 Rc8
21. Qd2 Ne4 22. Re1 0-1

[Event "Tournoi Skype 011A"]
[Site "Skype"]
[Date "????.??.??"]
[Round "5.11"]
[White "Soppelsa, Maurizio"]
[Black "Parmar, Manoj"]
[Result "1-0"]
[WhiteElo "1617"]
[BlackElo "1658"]
[PlyCount "59"]

1. d4 Nf6 2. c4 c6 3. Nc3 d5 4. e3 e6 5. Nf3 Be7 6. Bd3 O-O 7. O-O c5 8. b3 Nc6
9. Bb2 cxd4 10. exd4 Bd7 11. Rc1 Rc8 12. Re1 Qa5 13. Re2 Ba3 14. Bxa3 Qxa3 15.
Nb5 Qe7 16. c5 Ne8 17. a3 a6 18. Nc3 Nf6 19. Na4 Be8 20. Nb6 Rc7 21. b4 Nd7 22.
Nxd7 Bxd7 23. Ne5 f5 24. Nxc6 Bxc6 25. Re5 Qf6 26. Qe2 Re7 27. Bxf5 exf5 28.
Rxe7 Qxd4 29. Qe5 Qd2 30. Qxg7# 1-0

[Event "Tournoi Skype 011A"]
[Site "Skype"]
[Date "????.??.??"]
[Round "5.12"]
[White "Fouquereau, Andre"]
[Black "Kumar Pradhan, Soundarya"]
[Result "0-1"]
[WhiteElo "1589"]
[BlackElo "1641"]
[PlyCount "84"]

1. e4 e6 2. d4 d5 3. e5 c5 4. c3 Nc6 5. Nf3 Qb6 6. Qc2 cxd4 7. cxd4 Nxd4 8.
Qa4+ Nc6 9. Bb5 Bd7 10. O-O Nxe5 11. Bxd7+ Nxd7 12. Nc3 Ngf6 13. Ne5 Bd6 14.
Nxd7 Nxd7 15. Rb1 Qc6 16. Qg4 Kf8 17. Be3 Nf6 18. Qe2 Bc5 19. Bxc5+ Qxc5 20.
Rbc1 Rc8 21. h3 Qc4 22. Qd2 Qa6 23. Nxd5 Rxc1 24. Rxc1 Qd6 25. Rc8+ Ne8 26. Nf6
Ke7 27. Qxd6+ Kxd6 28. Ne4+ Kd7 29. Rc2 b6 30. Rd2+ Ke7 31. Nc3 Nd6 32. Re2 Rc8
33. f3 Rc4 34. g3 Kf6 35. Kg2 a6 36. Rd2 Ke7 37. Rd3 b5 38. b3 Rc6 39. g4 b4
40. Ne4 Nxe4 41. fxe4 Rc2+ 42. Kg3 Rxa2 0-1

[Event "Tournoi Skype 011A"]
[Site "Skype"]
[Date "????.??.??"]
[Round "5.14"]
[White "De Leener, Luc"]
[Black "Trivedi, Viral"]
[Result "1-0"]
[WhiteElo "1632"]
[BlackElo "1606"]
[PlyCount "151"]

1. e4 e5 2. Nf3 Nc6 3. Bc4 Nd4 4. Nxd4 exd4 5. O-O Bc5 6. d3 d6 7. Qf3 Qf6 8.
Qg3 h6 9. Bf4 Ne7 10. e5 dxe5 11. Bxe5 Qg5 12. Qf3 O-O 13. Bf4 Qf5 14. Nd2 Ng6
15. Bxc7 Qg5 16. Ne4 Qe7 17. Bg3 Be6 18. Bxe6 fxe6 19. Qh5 Nf4 20. Bxf4 Rxf4
21. Qxc5 Qxc5 22. Nxc5 Rf6 23. Rae1 Rc8 24. Ne4 Rg6 25. c3 dxc3 26. bxc3 e5 27.
d4 exd4 28. cxd4 Rc2 29. a4 a5 30. Nc5 b6 31. Nd7 Rd6 32. Re8+ Kf7 33. Re4 Rxd7
34. Rd1 Rc4 35. Rf4+ Ke7 36. Re1+ Kd8 37. h4 Rxa4 38. Rb1 Rdxd4 39. Rxd4+ Rxd4
40. Rxb6 Rxh4 41. Rg6 a4 42. Rxg7 Kc8 43. g3 Rb4 44. Rg6 a3 45. Ra6 Rb3 46. Kg2
Kb7 47. Ra4 Kb6 48. f4 Rb2+ 49. Kh3 a2 50. f5 Kb5 51. Ra8 Kb4 52. f6 Kb3 53. f7
Rf2 54. Rb8+ Ka3 55. f8=Q+ Rxf8 56. Rxf8 Kb2 57. Rf2+ Kb3 58. Rxa2 Kxa2 59. Kh4
Kb3 60. Kh5 Kc4 61. Kxh6 Kd5 62. g4 Ke6 63. Kg6 Ke7 64. Kg7 Ke8 65. g5 Ke7 66.
g6 Ke8 67. Kh7 Kf8 68. g7+ Kf7 69. g8=Q+ Kf6 70. Qg6+ Ke7 71. Qa6 Kf7 72. Kh6
Ke7 73. Kg6 Ke8 74. Qa7 Kd8 75. Kf6 Ke8 76. Qe7# 1-0

[Event "Tournoi Skype 011A"]
[Site "Skype"]
[Date "????.??.??"]
[Round "5.16"]
[White "Belouin, Bruno"]
[Black "Janssen, Gerard"]
[Result "0-1"]
[WhiteElo "1484"]
[BlackElo "1621"]
[PlyCount "74"]

1. Nf3 d5 2. d4 Nf6 3. c4 e6 4. a3 c5 5. Nc3 Nc6 6. b3 Ne4 7. Bb2 Qa5 8. Rc1
cxd4 9. Nxd4 dxc4 10. b4 Qe5 11. e3 Nd6 12. Nce2 a5 13. Bc3 Ne4 14. Nxc6 Qc7
15. Nxa5 b6 16. Qa4+ Bd7 17. b5 bxa5 18. g3 Nxc3 19. Nxc3 Qb7 20. e4 Be7 21.
Bg2 O-O 22. O-O Qb6 23. Qxc4 Bxa3 24. Rb1 Bb4 25. Rfc1 Ra7 26. Rb3 Rc8 27. Qd3
Bxb5 28. Qd2 Rd7 29. Qg5 Rc5 30. e5 Bxc3 31. Rbxc3 Rxc3 32. Rxc3 h6 33. Qc1 Qd4
34. Rc8+ Kh7 35. Qb1+ Bd3 36. Qb8 Qa1+ 37. Bf1 Qxf1# 0-1

[Event "Tournoi Skype 011A"]
[Site "Skype"]
[Date "????.??.??"]
[Round "5.17"]
[White "Bourdeau, Yvan"]
[Black "Antonic, Nenad"]
[Result "1-0"]
[WhiteElo "1620"]
[BlackElo "1449"]
[PlyCount "76"]

1. Nf3 Nf6 2. b3 Nc6 3. Bb2 g6 4. g3 Bg7 5. d4 d5 6. Bg2 Bf5 7. O-O Nb4 8. Na3
Nc6 9. Nh4 Bd7 10. e3 e6 11. c4 a6 12. Nc2 b5 13. c5 h5 14. h3 Nh7 15. f4 f5
16. Nxg6 Rg8 17. Qxh5 Nf6 18. Qh4 Ne7 19. Nxe7 Qxe7 20. g4 fxg4 21. hxg4 O-O-O
22. g5 Rh8 23. Qe1 Kb7 24. Ba3 c6 25. Qa5 Rb8 26. Nb4 Qd8 27. Qxd8 Rbxd8 28.
gxf6 Bxf6 29. Rf3 Rdg8 30. Raf1 Be8 31. Nd3 Bg6 32. Ne1 Be4 33. Bb4 Bh4 34. Bd2
Bxe1 35. Bxe1 Bxf3 36. Rxf3 Rg6 37. Rg3 Rhg8 38. Rxg6 Rxg6 1-0

[Event "Tournoi Skype 011A"]
[Site "Skype"]
[Date "????.??.??"]
[Round "5.19"]
[White "Dubois, Real"]
[Black "Gieschen, Mike"]
[Result "1-0"]
[WhiteElo "1519"]
[BlackElo "1655"]
[PlyCount "59"]

1. d4 e6 2. e3 Nf6 3. Nf3 d5 4. Bd3 c5 5. dxc5 Bxc5 6. c3 O-O 7. O-O Nc6 8. Qc2
h6 9. Nd4 Bd7 10. Nd2 e5 11. N4b3 Bd6 12. e4 dxe4 13. Nxe4 Nxe4 14. Bxe4 f5 15.
Bd5+ Kh8 16. a3 Qf6 17. Rd1 Be6 18. c4 Bxd5 19. cxd5 Ne7 20. Be3 f4 21. Bd2
Nxd5 22. Be1 f3 23. Rxd5 fxg2 24. Qe4 Rac8 25. Rdd1 Rc2 26. Qxc2 Qf3 27. Rxd6
e4 28. Nd2 Qg4 29. Qxe4 Qxe4 30. Nxe4 1-0

[Event "Tournoi Skype 011A"]
[Site "Skype"]
[Date "????.??.??"]
[Round "5.20"]
[White "Delemarre, Georges"]
[Black "Belouin, Alexis"]
[Result "1-0"]
[WhiteElo "1590"]
[BlackElo "1415"]
[PlyCount "33"]

1. Nf3 d5 2. g3 Nc6 3. d4 e6 4. Bg2 b6 5. O-O Bd6 6. a3 a5 7. Nbd2 Ba6 8. Re1
Qe7 9. e4 dxe4 10. Nxe4 f5 11. Neg5 Nd8 12. Nxe6 Nxe6 13. d5 Bc8 14. dxe6 Bxe6
15. Nd4 Nf6 16. Rxe6 Qxe6 17. Nxe6 1-0

[Event "Tournoi Skype 011A"]
[Site "Skype"]
[Date "????.??.??"]
[Round "5.21"]
[White "Malbec, Robert"]
[Black "Hague, Mark"]
[Result "0-1"]
[WhiteElo "1547"]
[BlackElo "1400"]
[PlyCount "106"]

1. e4 c6 2. d4 d5 3. Nc3 dxe4 4. Nxe4 Bf5 5. Ng3 Bg6 6. Nf3 e6 7. Bc4 Bd6 8.
O-O Qc7 9. a4 a5 10. b3 Ne7 11. Ba3 Nd7 12. Re1 Bxa3 13. Rxa3 O-O 14. Qe2 Qd6
15. Raa1 h6 16. c3 Nd5 17. Bxd5 Qxd5 18. c4 Qd6 19. Ra2 Rae8 20. Qd2 Qc7 21. c5
Nf6 22. b4 axb4 23. Qxb4 Nd5 24. Qb3 Ra8 25. Ne4 Qa5 26. Qxb7 Nb4 27. Rae2 Ra7
28. Qb6 Qxa4 29. Rb1 Nd5 30. Qb3 Raa8 31. Ree1 Qxb3 32. Rxb3 Rfb8 33. Rxb8+
Rxb8 34. Nd6 Rb4 35. g4 h5 36. h3 hxg4 37. hxg4 Nf6 38. g5 Nh7 39. Kg2 Bh5 40.
Ne5 Nxg5 41. Nxc6 Ra4 42. Kg3 Kf8 43. Rb1 Ra3+ 44. Kh4 g6 45. Kxg5 Kg7 46. Kh4
Rf3 47. Rf1 f6 48. Nd8 Rf4+ 49. Kg3 Rg4+ 50. Kh3 f5 51. Nxe6+ Kf6 52. f3 Kxe6
53. fxg4 Bxg4+ 0-1

[Event "Tournoi Skype 011A"]
[Site "Skype"]
[Date "????.??.??"]
[Round "5.22"]
[White "Duthoit, Bernard"]
[Black "Yeter, Orhan"]
[Result "1-0"]
[WhiteElo "1535"]
[BlackElo "1400"]
[PlyCount "119"]

1. e4 e6 2. d4 d5 3. e5 c5 4. Nf3 Qb6 5. c3 Nc6 6. Qb3 Nh6 7. Qxb6 axb6 8. Bxh6
gxh6 9. Nbd2 cxd4 10. cxd4 Nb4 11. Bb5+ Nc6 12. O-O Bb4 13. a3 Be7 14. Rac1 Bd7
15. Ne1 Nxd4 16. Bxd7+ Kxd7 17. Nef3 Ne2+ 18. Kh1 Nxc1 19. Rxc1 f6 20. Nb3 f5
21. Nbd4 Bxa3 22. bxa3 Rxa3 23. Nb5 Rc8 24. Rxc8 Ra1+ 25. Ng1 Kxc8 26. g3 Re1
27. f4 Kd7 28. Kg2 Rd1 29. Nf3 Rb1 30. Nfd4 Rb4 31. Kh3 h5 32. Kh4 Rb2 33. h3
Rh2 34. Nf3 Rh1 35. Nfd4 Rf1 36. Kxh5 Rd1 37. Kh4 Rb1 38. g4 Rxb5 39. Nxb5 Kc6
40. Nd4+ Kc5 41. Nxe6+ Kc6 42. gxf5 b5 43. Nd4+ Kc5 44. Nxb5 Kxb5 45. e6 Kc6
46. e7 Kd7 47. f6 d4 48. Kg3 d3 49. Kf2 b5 50. Ke3 b4 51. Kxd3 b3 52. Kc3 b2
53. Kxb2 Ke8 54. Kb3 Kf7 55. Kc4 h6 56. Kc5 Ke8 57. Kd6 h5 58. Kc7 h4 59. Kc8
Kf7 60. Kd8 1-0

[Event "Tournoi Skype 011A"]
[Site "Skype"]
[Date "????.??.??"]
[Round "5.23"]
[White "Kruzeniski, Randy"]
[Black "De Coninck, Philippe"]
[Result "1-0"]
[WhiteElo "1499"]
[BlackElo "1525"]
[PlyCount "51"]

1. e4 e5 2. d3 Nf6 3. g3 Nc6 4. c3 d5 5. exd5 Qxd5 6. Qf3 e4 7. Qe3 Be7 8. Bg2
Bf5 9. c4 Qd4 10. dxe4 Qxe3+ 11. Bxe3 Bxe4 12. f3 Bd3 13. Nd2 Nd4 14. Bxd4 O-O
15. f4 c6 16. Rc1 Rad8 17. Bxa7 Ra8 18. Bd4 Rxa2 19. Ne2 Bxe2 20. Kxe2 Re8 21.
Kd3 Rd8 22. c5 Bxc5 23. Rxc5 Ra4 24. Rc4 Rxc4 25. Kxc4 b5+ 26. Kc5 1-0

[Event "Tournoi Skype 011A"]
[Site "Skype"]
[Date "????.??.??"]
[Round "5.24"]
[White "Holtz, Steve"]
[Black "Meaney, Mike"]
[Result "1-0"]
[WhiteElo "1499"]
[BlackElo "1537"]
[PlyCount "37"]

1. e4 e6 2. d4 d5 3. Nc3 dxe4 4. Nxe4 Bd7 5. Nf3 h6 6. Be3 Bc6 7. Nc3 Nd7 8.
Bc4 Ngf6 9. d5 exd5 10. Nxd5 Bxd5 11. Bxd5 Nxd5 12. Qxd5 c6 13. Qd2 Be7 14.
O-O-O Qc8 15. Rhe1 b6 16. Bd4 Nf6 17. Bxf6 gxf6 18. Qd6 Qd8 19. Qxc6+ 1-0

[Event "Tournoi Skype 011A"]
[Site "Skype"]
[Date "????.??.??"]
[Round "5.25"]
[White "Khatanhar, Mohit"]
[Black "Grib, Johannes"]
[Result "0-1"]
[WhiteElo "1421"]
[BlackElo "1499"]
[PlyCount "46"]

1. e4 e5 2. Nf3 Nc6 3. Bb5 Nf6 4. d3 h6 5. Bxc6 dxc6 6. Nxe5 Bd6 7. Bf4 O-O 8.
Qf3 Qe8 9. Qg3 Bxe5 10. Bxe5 Nh5 11. Qf3 Qxe5 12. c3 c5 13. Nd2 b5 14. O-O Nf6
15. Qe3 Ng4 16. Qh3 Nxf2 17. Qh4 Nxd3 18. Rf3 c4 19. Raf1 Qc5+ 20. Kh1 Ne5 21.
R3f2 Kh7 22. Nf3 Ng4 23. Ng5+ Qxg5 0-1

[Event "Tournoi Skype 011A"]
[Site "Skype"]
[Date "????.??.??"]
[Round "6.1"]
[White "Deville, Olivier"]
[Black "Mahapatra, Durgaprasad"]
[Result "1/2-1/2"]
[WhiteElo "1919"]
[BlackElo "1799"]
[PlyCount "46"]

1. Nf3 f5 2. g3 Nf6 3. Bg2 e6 4. c4 d5 5. d3 c6 6. Qc2 Bd6 7. O-O O-O 8. b3 Bd7
9. Ba3 Bxa3 10. Nxa3 Be8 11. b4 Bh5 12. b5 Rf7 13. Rac1 a6 14. bxc6 Nxc6 15.
cxd5 Nxd5 16. Qb2 Rc7 17. Nc4 Rac8 18. Nb6 Nxb6 19. Qxb6 Qe7 20. Rc4 Bxf3 21.
Bxf3 Ne5 22. Rxc7 Nxf3+ 23. exf3 Rxc7 1/2-1/2

[Event "Tournoi Skype 011A"]
[Site "Skype"]
[Date "????.??.??"]
[Round "6.2"]
[White "Auger, Bertrand"]
[Black "Jacquelin, Norbert"]
[Result "1/2-1/2"]
[WhiteElo "2043"]
[BlackElo "1807"]
[PlyCount "141"]

1. Nf3 d5 2. g3 c6 3. Bg2 Nf6 4. O-O Bf5 5. b3 e6 6. Bb2 Be7 7. c4 h6 8. d3 O-O
9. Nbd2 Bh7 10. Qc2 Ne8 11. cxd5 cxd5 12. Rac1 Nc6 13. Ne5 Nxe5 14. Bxe5 Bf6
15. Qb2 Bxe5 16. Qxe5 Qd6 17. Qb2 Nf6 18. Nf3 Rfc8 19. Rc3 Bg6 20. Rfc1 Rxc3
21. Qxc3 Ne8 22. Ne5 Bh7 23. f4 f6 24. Nf3 g5 25. Qd4 Bg6 26. b4 Kf7 27. a4 Qa6
28. a5 b6 29. Rc6 Qb5 30. Qc3 bxa5 31. bxa5 Qb1+ 32. Qc1 Rb8 33. Qxb1 Rxb1+ 34.
Kf2 Rb4 35. Ke3 Ke7 36. Ra6 Rb7 37. Nd4 Nc7 38. Rxa7 gxf4+ 39. gxf4 Rxa7 40.
Nc6+ Kd7 41. Nxa7 Bf5 42. Kd4 Kd6 43. e4 e5+ 44. fxe5+ fxe5+ 45. Kc3 d4+ 46.
Kb4 Bd7 47. Bf3 Na6+ 48. Ka3 Kc7 49. Kb3 Kb7 50. Kc4 Kxa7 51. Kd5 Nb4+ 52. Kxe5
Nxd3+ 53. Kxd4 Nb4 54. Kc5 Nd3+ 55. Kd6 Bh3 56. e5 Nf4 57. Bd5 Kb8 58. e6 Nxd5
59. Kxd5 Kc7 60. Ke5 Kd8 61. Kf6 Ke8 62. a6 h5 63. a7 Bg2 64. h4 Bf3 65. Kg5
Ke7 66. Kf4 Ba8 67. Kg5 Kxe6 68. Kxh5 Kf5 69. Kh6 Kf6 70. Kh5 Bf3+ 71. Kh6
1/2-1/2

[Event "Tournoi Skype 011A"]
[Site "Skype"]
[Date "????.??.??"]
[Round "6.3"]
[White "Lambert, Pierre"]
[Black "Hilton, Stephen"]
[Result "1/2-1/2"]
[WhiteElo "1891"]
[BlackElo "1897"]
[PlyCount "44"]

1. e4 c5 2. Nf3 a6 3. d4 cxd4 4. Nxd4 Nf6 5. Nc3 e5 6. Nf3 Be7 7. Bc4 h6 8.
Nxe5 O-O 9. O-O b5 10. Bb3 Bb7 11. Re1 Nc6 12. Ng6 Re8 13. Nxe7+ Rxe7 14. Bf4
Ne5 15. Nd5 Nxd5 16. Bxd5 d6 17. Bxb7 Rxb7 18. Qd5 Rc7 19. c3 Rc5 20. Qb7 Rb8
21. Qxa6 Ra8 22. Qb7 Rb8 1/2-1/2

[Event "Tournoi Skype 011A"]
[Site "Skype"]
[Date "????.??.??"]
[Round "6.4"]
[White "Rico Hernandez, Edgar"]
[Black "Salazar Ticeran, Antonio"]
[Result "1/2-1/2"]
[WhiteElo "1887"]
[BlackElo "1846"]
[PlyCount "132"]

1. d4 Nf6 2. c4 g6 3. g3 Bg7 4. Bg2 h5 5. Nf3 d5 6. cxd5 Nxd5 7. e4 Nb6 8. e5
Bg4 9. h3 Bxf3 10. Bxf3 c6 11. Nc3 Na6 12. Be3 Nc4 13. Bc1 Qc7 14. b3 Nb6 15.
Qc2 Rd8 16. Be3 Nb4 17. Qe2 N6d5 18. Bd2 Nxc3 19. Bxc3 Nd5 20. Bd2 Qb6 21. Bxd5
Rxd5 22. Be3 Qb4+ 23. Kf1 e6 24. Qc2 Kd7 25. Rc1 Rc8 26. Kg2 b6 27. Qe2 b5 28.
Rc2 Bf8 29. Qf3 Ke8 30. Rhc1 c5 31. g4 hxg4 32. hxg4 Rcd8 33. dxc5 Rxe5 34. c6
Red5 35. Bxa7 Rd3 36. Be3 Bh6 37. c7 Rc8 38. Qc6+ Rd7 39. Qf3 Bxe3 40. fxe3
Rd2+ 41. Kh3 Rxc2 42. Rxc2 Ke7 43. Qb7 Rh8+ 44. Kg3 Qe1+ 45. Rf2 Qxe3+ 46. Qf3
Qxf3+ 47. Rxf3 Rc8 48. Rc3 Kd7 49. Rc5 Rxc7 50. Rxb5 Kd6 51. a4 Kc6 52. b4 Rd7
53. Rc5+ Kb6 54. Rc4 Rd5 55. Kf4 g5+ 56. Ke4 f5+ 57. gxf5 Rxf5 58. Ke3 Re5+ 59.
Kf3 Rf5+ 60. Kg4 Rd5 61. Re4 Kc7 62. a5 Kb7 63. Rxe6 Rd4+ 64. Kxg5 Rxb4 65.
Rb6+ Rxb6 66. axb6 Kxb6 1/2-1/2